000 00316 a2200157 4500
001 173453
020 _a
040 _cMagnum
100 _aKupstas, Marcia
240 1 0 _aBicho esquisito
_lpor
245 1 0 _aBicho esquisito
362 0 _a1899
440 1 _aModerna
697 _aI/FADAS, FANTASIA
942 _cBK
999 _c173453
_d173453